Tren rápido de pasajeros (TRP): evaluación del proyecto y estudio del impacto en el sistema eléctrico nacional
Gorde:
| Egile nagusia: | |
|---|---|
| Beste egile batzuk: | |
| Formatua: | Liburua |
| Hizkuntza: | Spanish |
| Argitaratua: |
[San José], Costa Rica
2016
|
| Gaiak: | |
| Etiketak: |
Etiketa erantsi
Etiketarik gabe, Izan zaitez lehena erregistro honi etiketa jartzen!
|
MARC
| LEADER | 00000nam a22000007a 4500 | ||
|---|---|---|---|
| 003 | 012388 | ||
| 005 | 20230914153053.0 | ||
| 008 | 160704b2015 cr a|||| |||| 00| ||spa d | ||
| 040 | |c cru CEDI | ||
| 100 | |9 5165 |a Vargas Montero, Mauricio | ||
| 245 | |a Tren rápido de pasajeros (TRP): evaluación del proyecto y estudio del impacto en el sistema eléctrico nacional | ||
| 260 | |a [San José], Costa Rica |c 2016 | ||
| 300 | |a xv,120 hojas ;ilustraciones algunas a color | ||
| 500 | |a Proyecto de graduación (bachillerato en ingeniería eléctrica)--Universidad de Costa Rica. Facultad de Ingeniería. Escuela de Ingeniería Eléctrica | ||
| 501 | |a Profesor Guía de IE-0499 Proyecto Eléctrico: Ing. Jorge Blanco Roldán, Ph.D | ||
| 651 | |x SISTEMAS DE ENERGIA ELECTRICA - COSTA RICA |x FERROCARRILES ELECTRICOS - COSTA RICA |x ELECTRIFICACION DE FERROCARRILES - COSTA RICA |x TRANSPORTE PUBLICO - COSTA RICA |x EVALUACION DE PROYECTOS - COSTA RICA |9 5166 | ||
| 700 | |9 736 |a Blanco Roldán, Jorge, 1950- |d Director de Proyecto Eléctrico | ||
| 942 | |c CEDI |h TFG 7546 |6 TFG_7546_000000000000000 | ||
| 999 | |c 16969 |d 16969 | ||
